Analytical and applied mechanics, (Record no. 544882)

000 -LEADER
fixed length control field 00717cam a22002051 4500
082 ## - DEWEY DECIMAL CLASSIFICATION NUMBER
Classification number 620.1
Author Mark CLE
-- L-5, P-1
100 1# - MAIN ENTRY--PERSONAL NAME
Personal name Clements, Guy Roger,
9 (RLIN) 40626
245 00 - TITLE STATEMENT
Title Analytical and applied mechanics,
Remainder of title by Guy Roger Clements ... and Levi Thomas Wilson ...
250 ## - EDITION STATEMENT
Edition statement 3rdd ed.
260 ## - PUBLICATION, DISTRIBUTION, ETC.
Place of publication, distribution, etc. New York;
-- London,
Name of publisher, distributor, etc. McGraw-Hill Book Company, inc.,
Date of publication, distribution, etc. 1943.
300 ## - PHYSICAL DESCRIPTION
Extent xii, 475 p.
Other physical details diagrs.
Dimensions 22 cm.
500 ## - GENERAL NOTE
General note "Answers to problems" : p. 455-475.
526 ## - STUDY PROGRAM INFORMATION NOTE
Program name 0
Interest level 0
Reading level 0
Title point value 620_100000000000000_CLE
526 ## - STUDY PROGRAM INFORMATION NOTE
Program name 0
Interest level 0
Reading level 0
Title point value 620_100000000000000_CLE
650 #0 - SUBJECT ADDED ENTRY--TOPICAL TERM
Topical term or geographic name entry element MCE
9 (RLIN) 379
650 #0 - SUBJECT ADDED ENTRY--TOPICAL TERM
Topical term or geographic name entry element Mechanics, Analytic.
9 (RLIN) 39816
650 #0 - SUBJECT ADDED ENTRY--TOPICAL TERM
Topical term or geographic name entry element Mechanics, Applied.
9 (RLIN) 13090
700 1# - ADDED ENTRY--PERSONAL NAME
Personal name Wilson, Levi Thomas,
9 (RLIN) 40627
942 ## - ADDED ENTRY ELEMENTS (KOHA)
Source of classification or shelving scheme
Koha item type Book
Holdings
Withdrawn status Lost status Source of classification or shelving scheme Damaged status Not for loan Permanent Location Current Location Date acquired Total Checkouts Full call number Barcode Date last seen Price effective from Koha item type
          Military College of Engineering (MCE) Military College of Engineering (MCE) 05/14/2014   620.1 CLE MCE-29227 05/14/2014 05/14/2014 Book
          Military College of Engineering (MCE) Military College of Engineering (MCE) 05/14/2014   620.1 CLE MCE-29226 05/14/2014 05/14/2014 Book
© 2023 Central Library, National University of Sciences and Technology. All Rights Reserved.